Normal view
MARC view
- Haider Javed Syed
Entry Personal Name
001 - CONTROL NUMBER
- control field: 63344
003 - CONTROL NUMBER IDENTIFIER
- control field: NUST
005 - DATE AND TIME OF LATEST TRANSACTION
- control field: 20210628203115.0
008 - FIXED-LENGTH DATA ELEMENTS
- fixed length control field: 210628|| aca||aabn | a|a d
040 ## - CATALOGING SOURCE
- Original cataloging agency: NUST
- Transcribing agency: NUST
100 ## - HEADING--PERSONAL NAME
- Personal name: Haider Javed Syed
670 ## - SOURCE DATA FOUND
- Source citation: Work cat.: (NUST): Haider Javed Syed, Quaid-i-azam, ak moreq aur bureacurate kay dermeyan, 2004
